Uva de mesa de exportación: problemas de producción y calidad

Guardat en:
Dades bibliogràfiques
Autors principals: Pérez Harvey, Jorge (autor), Momberg Rosa, María Waleska (Autor), Herrera Fuentes, Ximena (Autor)
Autor corporatiu: Pontificia Universidad Católica de Chile. Grupo de Viticultura (Autor)
Format: Llibre
Idioma:espanyol
Publicat: Santiago Pontificia Universidad Católica de Chile, Departamento de Ciencias Vegetales 1986
Matèries:
Etiquetes: Afegir etiqueta
Sense etiquetes, Sigues el primer a etiquetar aquest registre!

MARC

LEADER 00000nam a2200000 a 4500
001 UCV7473
003 CL-VaPUC
008 930302e19860000CL |||||||||||||||||spa|d
082 0 4 |a 634.88  |b PER  |2 21 
100 |a Pérez Harvey, Jorge  |e autor  |9 301602 
700 0 |a Momberg Rosa, María Waleska  |e author  |9 301603 
700 0 |a Herrera Fuentes, Ximena  |e author  |9 301604 
110 2 |a Pontificia Universidad Católica de Chile. Grupo de Viticultura  |e author  |9 301605 
245 1 0 |a Uva de mesa de exportación: problemas de producción y calidad 
300 |a 242 p 
942 |c BK 
945 |d 19930302 00:00:00 
260 |a Santiago  |b Pontificia Universidad Católica de Chile, Departamento de Ciencias Vegetales  |c 1986 
650 0 |a Vid  |9 264784 
650 7 |a UVAS CALIDAD  |2 CL-VaPUC  |9 264894 
583 |a last modification  |c 19930302 00:00:00  |k Rodrigo Vera 
999 |c 213144  |d 213142